Sindicalismo y lucha democrática

محفوظ في:
التفاصيل البيبلوغرافية
المؤلف الرئيسي: Friso, Enzo (مؤلف)
التنسيق: كتاب
اللغة:الإسبانية
منشور في: Santiago Erico Carrasco Gaete 1989
الموضوعات:
الوسوم: إضافة وسم
لا توجد وسوم, كن أول من يضع وسما على هذه التسجيلة!

MARC

LEADER 00000nam a2200000 a 4500
001 UCN8956
003 CL-VaPUC
008 011123e19890000CL |||||||||||||||||spa|d
082 0 4 |a 331.8  |b FRI  |2 21 
100 0 |a Friso, Enzo  |e author  |9 465477 
245 1 0 |a Sindicalismo y lucha democrática 
300 |a 161 p 
942 |c BK 
945 |d 20011123 00:00:00  |a cmena 
260 |a Santiago  |b Erico Carrasco Gaete  |c 1989 
650 0 |a Movimiento obrero   |9 322899 
650 0 |a Derecho de los trabajadores  |9 465478 
650 7 |a SINDICALISMO - DEMOCRACIA  |2 CL-VaPUC  |9 465479 
583 |a last modification  |c 20011123 00:00:00  |k Rodrigo Vera 
999 |c 298633  |d 298631 
952 |0 0  |1 0  |4 0  |6 331_800000000000000_FRI_1989  |7 0  |8 A  |9 354385  |a BIBGIM  |b BIBGIM  |d 2019-11-21  |i 3774635  |o 331.8 FRI 1989  |p 3774635  |r 2025-01-15  |w 2019-11-21  |y BK  |k GIM